Statistics for 2023 Argentine Liga Profesional Teams

Click here to take the quiz!

General Stats

  • This quiz has been taken 188 times
  • The average score is 21 of 28

Answer Stats

Answer% Correct
Boca Juniors
99%
River Plate
98%
Racing Club
95%
Independiente
89%
Newell's Old Boys
85%
Rosario Central
85%
Estudiantes
83%
San Lorenzo
83%
Argentinos Juniors
78%
Vélez Sarsfield
78%
Talleres
77%
Gimnasia y Esgrima
76%
Huracán
74%
Arsenal
73%
Belgrano
73%
Banfield
69%
Colón
69%
Lanús
69%
Defensa y Justicia
66%
Godoy Cruz
65%
Unión
65%
Platense
64%
Tigre
62%
Atlético Tucumán
60%
Central Córdoba
59%
Instituto
57%
Sarmiento
55%
Barracas Central
53%

Score Distribution

Percentile by Number Answered

Percent of People with Each Score

Your Score History

You have not taken this quiz